Bravo - The Hits 2002 #1 - Statistiken

Allgemein
  • Dieses Quiz wurde 80 mal gespielt
  • Das Durchschnittsergebnis liegt bei 8 aus 40
Antwortstatistiken
Song Interpret % Korrekt
99 Luftballons (New Version) Nena
91%
I'm Not A Girl, Not Yet A Woman Britney Spears
62%
Hot In Herre Nelly
57%
Dreamer Ozzy Osbourne
52%
Nessaja Scooter
48%
Paid My Dues Anastacia
42%
Stand Up (For The Champions) Right Said Fred
32%
Moi...Lolita Alizée
30%
Something About Us No Angels
30%
Kimnotyze DJ Tomekk Feat. Lil' Kim & Trooper Da Don
29%
Herz Aus Glas Ben
25%
I.O.I.O B3
22%
Moonlight Shadow Groove Coverage
20%
Girlfriend *NSYNC
20%
What If Kate Winslet
17%
Foolish Ashanti
16%
Das Erste Mal Tat's Noch Weh Oli.P
16%
It's Ok! Atomic Kitten
14%
When You Look At Me Christina Milian
14%
Live Is Life Hermes House Band & DJ Ötzi
14%
Perdono Tiziano Ferro
14%
Girl 4 A Day Band Ohne Namen Vs. Milka
13%
Ready For The Victory Modern Talking
13%
Hot Temptation Bro'Sis
12%
Soak Up The Sun Sheryl Crow
12%
Nasty Girl Destiny's Child
10%
I'm Gonna Be Alright Jennifer Lopez feat. Nas
10%
Like A Prayer Mad'House
10%
No More Tears Jeanette
9%
Stillness Of Heart Lenny Kravitz
9%
Mandy Mandy & Randy
7%
Hero Chad Kroeger feat. Josey Scott
6%
Born To Be Wild Kim Wilde
4%
Till' Ab Joe Kool Savas
4%
Bring It Back Brooklyn Bounce
3%
Drop The Bass Rocco
3%
E (As In Eveline) Drunkenmunky
1%
Time And Time Again Fragma
1%
In This World Moby
1%
Let Me Count The Ways Natural
1%
Keine übereinstimmenden Quizze gefunden
Verteilung der Resultate
Anzahl Personen mit jedem Resultat
Perzentil nach korrekt beantworteten Fragen
Ihre Resultats-Entwicklung
Sie haben dieses Quiz noch nicht gespielt